000 01032nas a2200337 4500
001 BR7701990
003 BR-BrBNA
005 20231205083145.0
007 ta
008 230509b bl.|||p| |||| 00| 00por d
040 _aBR-BrBNA
_bpor
_cBiblioteca Nacional de Agricultura
041 _a(Pt)
072 _aF60
100 1 _aKanesiro, M.A.B.
100 1 _aFaleiros, R.R. de S.
100 1 _aBerlingieri, P.A.
100 1 _aAlbertini, P.E.G.
245 1 _aMetabolismo nitrogenado em Lycopersicum esculentum Mill, cultivar Roma V.F. (tomateiro)cultivado em vasos, 4. Variacao dos teores de carboidratos
650 _aFISIOLOGIA VEGETAL
650 _aNUTRICAO VEGETAL
650 _aTOMATE
650 _aMETABOLISMO NITROGENADO
650 _aANALISE QUIMICA
650 _aFOLHA
650 _aCAULE
650 _aANALISE FOLIAR
650 _aCARBOIDRATO
773 0 _tCientifica (Brazil)
_xISSN 0100-0039
_g(1977), v. 5(3) p. 276-280
_wBR7701990
909 _a202311
_bLúcia
_c55
_dLúcia Elande
942 _2AGRIS
_n0
_cANA
999 _c96790
_d96790